| 000 | 00941cam a2200217 4500 | ||
|---|---|---|---|
| 001 | WB3844-18 | ||
| 008 | 021127n2002 000 0 eng u | ||
| 035 | _a(Sirsi) u120593 | ||
| 245 | _aScottish property ownership simplified | ||
| 260 | _c2002 | ||
| 490 |
_aScottish Executive News Release _v (SEJD156/2002) 21 November 2002, (3) |
||
| 520 | _aFrom 28 November 2004 feudal system will be abolished in Scotland to simplify framework for property ownership. Feudal superiors will no longer be able to enforce feudal conditions or be paid feu duties. Marks completion of process begun by Abolition of Feudal Tenure etc (Scotland) Act 2000. www.scotland.gov.uk/pages/news/2002/11/SEJD156.aspx | ||
| 590 | _aWB | ||
| 650 | _aFEUDAL TENURE SYSTEM | ||
| 650 | _aSCOTLAND | ||
| 650 | _aLAND OWNERSHIP | ||
| 650 | _aTITLE CONDITIONS | ||
| 650 | _aABOLITION OF FEUDAL TENURE ETC (SCOTLAND) ACT 2000 | ||
| 690 | _aPROPERTY | ||
| 942 | _n0 | ||
| 999 |
_c71649 _d71649 |
||